Catálogo

NURSERY MANAGEMENT : (Registro nro. 50445)

Detalles MARC
000 -LEADER
fixed length control field 00895nam a2200205 a 4500
001 - CONTROL NUMBER
control field 50445
005 - DATE AND TIME OF LATEST TRANSACTION
control field 20180714035516.0
008 - FIXED-LENGTH DATA ELEMENTS--GENERAL INFORMATION
fixed length control field 140415d 000 0 eng d
020 ## - INTERNATIONAL STANDARD BOOK NUMBER
International Standard Book Number 0138579962
041 ## - LANGUAGE CODE
Language code of text/sound track or separate title eng
082 ## - DEWEY DECIMAL CLASSIFICATION NUMBER
Classification number 635.969
Item number DAV
100 1# - MAIN ENTRY--PERSONAL NAME
Personal name DAVIDSON, HAROLD
245 10 - TITLE STATEMENT
Title NURSERY MANAGEMENT :
Remainder of title ADMINISTRATION AND CULTURE
250 ## - EDITION STATEMENT
Edition statement 4ed.
260 ## - PUBLICATION, DISTRIBUTION, ETC.
Place of publication, distribution, etc. [s.l.] :
Name of publisher, distributor, etc. PRENTICE HALL INC.,
Date of publication, distribution, etc. [s.f.]
300 ## - PHYSICAL DESCRIPTION
Extent 217
Dimensions 16 x 3 x 23.3
520 ## - SUMMARY, ETC.
Summary, etc. FEATURING INFORMATION THAT IS ESSENTIAL FOR ANYONE INTERESTED IN STARTING OR MANAGING A NURSERY, THIS NEW FOURTH EDITION HAS BEEN COMPLETELY UPDATED AND EXPENDED TO INCLUDE COVERAGE OF THE LATEST TECHNOLOGY IN NURSERY MANAGEMENT AND ADMINISTRATION.
650 14 - SUBJECT ADDED ENTRY--TOPICAL TERM
Topical term or geographic name entry element VIVEROS (HORTICULTURA)
General subdivision ESTADOS UNIDOS
-- ADMINISTRACIN
-- VIVEROS (HORTICULTURA)
-- ADMINISTRACION.
700 1# - ADDED ENTRY--PERSONAL NAME
Personal name MECKLENBURG, ROY -PETERSON, CURTIS
Relator term coaut.
Existencias
Withdrawn status Lost status Source of classification or shelving scheme Damaged status Not for loan Collection code Home library Current library Shelving location Date acquired Source of acquisition Inventory number Total Checkouts Full call number Barcode Date last seen Price effective from Koha item type
    Dewey Decimal Classification     General Biblioteca Karol Wojtyla Biblioteca Karol Wojtyla Área de silencio 03/12/2013 Compra 151000000000000000011707   635.969 DAV 75204 05/01/2026 03/12/2013 Libro